000 00629nam a2200169 4500
001 109227
003 ES-MaACL
007 t|
008 061121s1921 sp r ||||1| spa d
110 2 _aEstación Enológica de Reus.
_94014
245 1 0 _aMemoria correspondiente a los trabajos... durante el año 1913 /
_cformulada por Claudio Oliveras Massó.
260 _aReus :
_b[s.n.],
_c1921 (
_fGráficas Eduardo Navas)
300 _aXIX, 198 p. ;
_c23 cm.
500 _aPrecede al tít.: Escuela de Viticultura y Enología y Estación Enológica de Reus.
700 1 _aOliveras Massó, Claudio.
_986864
852 _aES-MaACL
_jB-5480
999 _c109227
_d109227